000171710 001__ 171710 000171710 005__ 20260603094405.0 000171710 020__ $$a978-84-09-74896-9 000171710 037__ $$aBOOK-2026-298 000171710 041__ $$aspa 000171710 100__ $$aRos Mendoza, Luis H.$$b 000171710 245__ $$a200 Personajes ilustres de la radiología 000171710 260__ $$aZaragoza$$bLuis H. Ros Mendoza$$c2025 000171710 300__ $$a446 000171710 506__ $$aby-nc-sa 000171710 520__ $$aEl presente libro está basado en una serie de cortas biografías de radiólogos ilustres ya fallecidos que, mes a mes desde el año 2009, he ido escribiendo y publicando en el boletín electrónico del Colegio Interamericano de Radiología, NotiCIR, a iniciativa de su editor fundador. Es por lo tanto un trabajo de compilación, que va precedido de una serie preliminar de semblanzas de otros galenos también ilustres, pioneros de la medicina, que a través de los tiempos posibilitaron la evolución hasta el concepto de orientación anatomoclínica de la misma, a raíz del cual se hizo posible el milagro de la transiluminación acaecido en noviembre de 1895 con el descubrimiento de los rayos X. Personaje a personaje, en orden cronológico, asistimos a los hitos más relevantes de la radiología, reflejando también en este devenir histórico la evolución de esta nueva disciplina en nuestro país. 000171710 540__ $$9info:eu-repo/semantics/openAccess 000171710 773__ $$t 000171710 8560_ $$flplumed@unizar.es 000171710 8564_ $$uhttps://zaguan.unizar.es/record/171710/files/BOOK-2026-298.pdf$$zTexto completo 000171710 909CO $$ooai:zaguan.unizar.es:171710$$pbooks 000171710 980__ $$aBOOK$$bMONOGRAFIAS$$b